जिज्ञासा : (Record no. 117036)

MARC details
000 -LEADER
fixed length control field 01140nam a22002537a 4500
005 - DATE AND TIME OF LATEST TRANSACTION
control field 20170124103048.0
010 ## - LIBRARY OF CONGRESS CONTROL NUMBER
LC control number B-185261
020 ## - INTERNATIONAL STANDARD BOOK NUMBER
Terms of availability 295.00
International Standard Book Number 8188684384
035 ## - SYSTEM CONTROL NUMBER
System control number B-185261
037 ## - SOURCE OF ACQUISITION
Source of stock number/acquisition Cen Lib/Ret
040 ## - CATALOGING SOURCE
Original cataloging agency DPL
Language of cataloging HN
082 ## - DEWEY DECIMAL CLASSIFICATION NUMBER
Classification number
Item number जिज्ञासा
245 ## - TITLE STATEMENT
Title जिज्ञासा :
Statement of responsibility, etc अनुवादक रिज़वानुर रहमान
Remainder of title अरबी कथा-संग्रह /
246 ## - VARYING FORM OF TITLE
Title proper/short title Jigyasa : Arbi katha-sangreh /
Remainder of title anuvadak Rizwanur Rehman
260 ## - PUBLICATION, DISTRIBUTION, ETC. (IMPRINT)
Place of publication, distribution, etc दिल्ली
Name of publisher, distributor, etc अकादमिक एक्सेलेन्स
Date of publication, distribution, etc 2007
270 ## - ADDRESS
City दिल्ली
Postal code 110031
Address 42, एकता अपार्टमेंट्स, गीता कालोनी
300 ## - PHYSICAL DESCRIPTION
Extent xii,128पृ.
Dimensions 21सेमी(सजिल्द)
650 ## - SUBJECT ADDED ENTRY--TOPICAL TERM
Topical term or geographic name as entry element हिन्दी साहित्य
9 (RLIN) 69694
650 ## - SUBJECT ADDED ENTRY--TOPICAL TERM
Topical term or geographic name as entry element हिन्दी -- कहानियाँ
9 (RLIN) 69695
650 ## - SUBJECT ADDED ENTRY--TOPICAL TERM
Topical term or geographic name as entry element Hindi literature
9 (RLIN) 69696
650 ## - SUBJECT ADDED ENTRY--TOPICAL TERM
Topical term or geographic name as entry element Hindi -- Stories
9 (RLIN) 69697
700 ## - ADDED ENTRY--PERSONAL NAME
Personal name रिज़वानुर रहमान
9 (RLIN) 69698
942 ## - ADDED ENTRY ELEMENTS (KOHA)
Source of classification or shelving scheme Dewey Decimal Classification
Koha item type Hindi Books
Classification part
Call number suffix जिज्ञासा
Holdings
Withdrawn status Lost status Damaged status Not for loan Home library Current library Date acquired Source of acquisition Cost, normal purchase price Total Checkouts Full call number Barcode Date last seen Copy number Cost, replacement price Price effective from Koha item type
        Central Library Central Library 26/08/2015 Cen Lib/Ret 295.00   क जिज्ञासा B-185261 26/08/2015 1 295.00 26/08/2015 Hindi Books

© Delhi Public Library
Hit Counter
free hit counter